Modelovanie úmrtnosti modifikovaným Makehamovým vzorcom pre poistenie na úmrtie v Exceli

Modelovanie úmrtnosti modifikovaným Makehamovým vzorcom. Parametre modelu sú špecifikované pre dve zvolené úmrtnostné tabuľky, a to zvlášť pre mužov a pre ženy. Modelovaná úmrtnosť je ilustrovaná na aktuárskych výpočtoch pre dočasné poistenie na úmrtie. Autori sa v analýze zamerali na použitie peňaž...

Descrizione completa

Salvato in:
Dettagli Bibliografici
Autore principale: Bilíková, Mária, 1951-
Altri autori: Luffrum, Graham
Natura: Capitolo di libro
Lingua:slovacco
Soggetti:
Tags: Aggiungi Tag
Nessun Tag, puoi essere il primo ad aggiungerne!!

MARC

LEADER 00000nla a2200000 4500
001 0246732
005 20240502073946.7
041 0 |a slo 
044 |a SK 
245 1 0 |a Modelovanie úmrtnosti modifikovaným Makehamovým vzorcom pre poistenie na úmrtie v Exceli  |c Mária Bilíková, Graham Luffrum 
520 |a Modelovanie úmrtnosti modifikovaným Makehamovým vzorcom. Parametre modelu sú špecifikované pre dve zvolené úmrtnostné tabuľky, a to zvlášť pre mužov a pre ženy. Modelovaná úmrtnosť je ilustrovaná na aktuárskych výpočtoch pre dočasné poistenie na úmrtie. Autori sa v analýze zamerali na použitie peňažných tokov, ziskovosť produktu a jej kritériá. 
610 2 0 |a poistenie 
610 2 0 |a poisťovníctvo 
610 2 0 |a matematika poistná 
610 2 0 |a ženy 
610 2 0 |a muži 
610 2 0 |a úmrtnosť 
610 2 0 |a modely 
610 2 0 |a modelovanie 
100 1 |a Bilíková, Mária, 1951- 
700 1 |a Luffrum, Graham